000 01923cam a22004814i 4500
003 PE-LiUPU
005 20250731184526.0
008 150616s r 000 0 d
035 _a(Sirsi) a2051
040 _aPE-LiUPU
_bspa
_cPE-LiUPU
_erda
049 _aPRUA
082 0 4 _a985.29
_bO44
_221
100 1 _aSánchez Olivencia, C. F.,
_eautor.
245 1 0 _aCallao, pasado presente y futuro /
_cFernando Sánchez Olivencia.
264 1 _aLima :
_bOKURA,
_c1989.
300 _a286 páginas :
_bilustraciones fotos, tablas, mapa ;
_c21 cm
336 _atext
_2rdacontent
337 _aunmediated
_2rdamedia
338 _avolume
_2rdacarrier
504 _aIncluye bibliografía.
505 0 _aNaturaleza del ambiente físico -- El orígen y la época prehispánica -- La colonia, el virreynato y la emancipación -- La época republicana -- La evolución de los distritos y las areas marginales -- La actividad cultural -- El desarrollo de las industrias y las instituciones -- Diagnóstico socioeconómico y alternativas de solución.
526 _aP136
526 _aP135
526 _aP134
526 _aP133
526 _aP144
526 _aP143
526 _aP87
526 _aP35
526 _aP20
526 _aP14
526 _aP10
526 _aP06
650 0 4 _aCallao (Perú : Provincia Constitucional)
_xDescripciones y viajes.
650 0 4 _aCallao (Perú : Provincia Constitucional)
_xHistoria.
910 _ajck
_bjvq
_cjck
942 _2ddc
_cBOOK
949 _a985.29 O44
_wDEWEY
_c1
_i32690
_lCCODEBUL1
_mBUL
_p00.00
_r0
_sY
_tBOOK
_u2015-04-23
_xEDUCACION
_PP20
_0COMPRA
_o.STAFF. Colección General
994 _aC0
_bPEPRU
596 _a1
999 _a985.29 O44
_wDEWEY
_c20879
_i32690
_f2021-11-8
_g4
_lCCODEBUL1
_mBUL
_r0
_sY
_tBOOK
_u2015-4-23
_xBIBLIOTECA
_PP20
_0COMPRA
_o.STAFF. Colección General
_d20879
980 _81
_gALBERTO SANCHEZ Responsable de Automatización